| 000 | 00531nam a2200193Ii 4500 | ||
|---|---|---|---|
| 003 | JO-AjNU | ||
| 008 | 230606s9999||||xx |||||||||||||| ||und|| | ||
| 020 | _a978-0-19-957436-0 | ||
| 040 |
_aJO-AjNU _beng _erda _cJO-AjNU |
||
| 041 | _aeng | ||
| 050 | 1 | 4 | _aKD1554.A13.T49.2010 |
| 100 | 3 |
_aPoole ، Jill, _eauthor _91702 |
|
| 245 | 0 | 0 | _aTextbook On Contract Law |
| 264 | 3 | 1 | _aNew York : Oxford ، 2010 |
| 300 | _a634p | ||
| 336 |
_atext _btxt _2rdacontent |
||
| 337 |
_aunmediated _bn _2rdamedia |
||
| 338 |
_avolume _bnc _2rdacarrier |
||
| 999 |
_aE898 _c898 _d898 |
||